[Event "DEM U16 2021"]
[Site "Willingen GER"]
[Date "2021.08.23"]
[Round "1"]
[White "Musiolik, David"]
[Black "Bornholdt, Joa Max"]
[Result "1/2-1/2"]
[Termination "normal"]
[Board "4"]
[WhiteElo "2286"]
[BlackElo "1993"]
[WhiteClock "00:03:54"]
[BlackClock "00:09:49"]
[PlyCount "135"]
[WhiteFideId "12972355"]
[BlackFideId "16253477"]
[EventCountry "GER"]
[EventRounds "9"]
[EventType "swiss"]
[EventDate "2021.08.22"]

1. Nf3 {[%clk 1:30:51]} Nf6 {[%clk 1:30:42]} 2. c4 {[%clk 1:31:15]} e6 {[%clk
1:31:07]} 3. b3 {[%clk 1:31:33]} d5 {[%clk 1:31:12]} 4. Bb2 {[%clk 1:31:29]} c5
{[%clk 1:30:57]} 5. e3 {[%clk 1:30:18]} Nc6 {[%clk 1:30:59]} 6. cxd5 {[%clk
1:19:21]} exd5 {[%clk 1:31:15]} 7. d4 {[%clk 1:04:55]} cxd4 {[%clk 1:21:37]} 8.
Nxd4 {[%clk 1:03:00]} Ne4 {[%clk 1:18:37]} 9. a3 {[%clk 0:53:07]} Bd6 {[%clk
0:59:52]} 10. Nc3 {[%clk 0:44:19]} Nxc3 {[%clk 0:49:06]} 11. Bxc3 {[%clk
0:44:28]} O-O {[%clk 0:49:16]} 12. Be2 {[%clk 0:40:47]} Re8 {[%clk 0:47:41]}
13. O-O {[%clk 0:37:56]} Qg5 {[%clk 0:44:29]} 14. Bf3 {[%clk 0:33:32]} Ne5
{[%clk 0:32:24]} 15. Bxd5 {[%clk 0:29:13]} Bg4 {[%clk 0:32:15]} 16. Nf3 {[%clk
0:14:22]} Qh6 {[%clk 0:18:09]} 17. Bxe5 {[%clk 0:07:54]} Bxe5 {[%clk 0:18:23]}
18. Bxf7+ {[%clk 0:07:49]} Kh8 {[%clk 0:15:17]} 19. h3 {[%clk 0:07:11]} Red8
{[%clk 0:11:39]} 20. Bd5 {[%clk 0:04:56]} Bxf3 {[%clk 0:11:07]} 21. Qxf3 {[%clk
0:05:15]} Bxa1 {[%clk 0:11:32]} 22. Rxa1 {[%clk 0:05:36]} Qf6 {[%clk 0:04:48]}
23. Qxf6 {[%clk 0:05:17]} gxf6 {[%clk 0:05:16]} 24. Bc4 {[%clk 0:04:54]} Rac8
{[%clk 0:05:14]} 25. e4 {[%clk 0:04:45]} Rd2 {[%clk 0:05:01]} 26. g4 {[%clk
0:04:16]} Kg7 {[%clk 0:04:18]} 27. Kg2 {[%clk 0:03:57]} Kg6 {[%clk 0:03:29]}
28. a4 {[%clk 0:02:29]} a6 {[%clk 0:02:28]} 29. Rf1 {[%clk 0:00:57]} Rc5 {[%clk
0:02:15]} 30. Kg3 {[%clk 0:00:41]} b5 {[%clk 0:02:28]} 31. axb5 {[%clk
0:01:07]} axb5 {[%clk 0:02:53]} 32. Bd5 {[%clk 0:00:48]} Rc3+ {[%clk 0:02:25]}
33. f3 {[%clk 0:00:56]} h5 {[%clk 0:01:04]} 34. gxh5+ {[%clk 0:00:47]} Kxh5
{[%clk 0:01:17]} 35. Bf7+ {[%clk 8:00:52]} Kh6 {[%clk 0:01:11]} 36. Kg4 {[%clk
0:00:45]} Kg7 {[%clk 0:00:45]} 37. Be6 {[%clk 0:00:38]} Rg2+ {[%clk 0:00:46]}
38. Kf4 {[%clk 0:00:52]} Kg6 {[%clk 0:00:46]} 39. Bd5 {[%clk 0:00:41]} Rd3
{[%clk 0:00:39]} 40. Be6 {[%clk 0:00:39]} Rc3 {[%clk 0:01:02]} 41. h4 {[%clk
0:12:46]} Rc6 {[%clk 0:24:34]} 42. Bd5 {[%clk 0:12:10]} Rc3 {[%clk 0:24:57]}
43. Rh1 {[%clk 0:11:47]} Rd3 {[%clk 0:23:26]} 44. Rh3 {[%clk 0:11:59]} Rf2
{[%clk 0:16:31]} 45. Rg3+ {[%clk 0:11:17]} Kh5 {[%clk 0:16:12]} 46. Rh3 {[%clk
0:11:36]} Kg6 {[%clk 0:15:51]} 47. Be6 {[%clk 0:11:31]} Rc3 {[%clk 0:13:38]}
48. Rg3+ {[%clk 0:11:03]} Kh5 {[%clk 0:12:40]} 49. Rh3 {[%clk 0:11:01]} Kg6
{[%clk 0:10:40]} 50. Kg4 {[%clk 0:09:18]} Rg2+ {[%clk 0:09:06]} 51. Rg3 {[%clk
0:09:22]} Rxg3+ {[%clk 0:09:30]} 52. Kxg3 {[%clk 0:09:44]} Rc6 {[%clk 0:09:47]}
53. Bd7 {[%clk 0:09:13]} Rc5 {[%clk 0:09:15]} 54. Kg4 {[%clk 0:09:23]} Kf7
{[%clk 0:07:50]} 55. b4 {[%clk 0:06:10]} Rc4 {[%clk 0:08:14]} 56. Bxb5 {[%clk
0:06:24]} Rxb4 {[%clk 0:08:42]} 57. Bc6 {[%clk 0:06:39]} Kg7 {[%clk 0:08:21]}
58. h5 {[%clk 0:06:11]} Rb1 {[%clk 0:08:17]} 59. Kf5 {[%clk 0:05:58]} Rh1
{[%clk 0:08:14]} 60. Be8 {[%clk 0:06:18]} Rh4 {[%clk 0:08:19]} 61. f4 {[%clk
0:04:43]} Rh2 {[%clk 0:08:31]} 62. Ke6 {[%clk 0:04:00]} Rh4 {[%clk 0:08:30]}
63. Kf5 {[%clk 0:04:02]} Rh2 {[%clk 0:08:53]} 64. Bg6 {[%clk 0:03:30]} Rh1
{[%clk 0:08:57]} 65. e5 {[%clk 0:02:36]} fxe5 {[%clk 0:09:22]} 66. fxe5 {[%clk
0:03:03]} Re1 {[%clk 0:09:38]} 67. Ke6 {[%clk 0:03:28]} Rxe5+ {[%clk 0:09:49]}
68. Kxe5 {[%clk 0:03:54]} 1/2-1/2

[Event "DEM U16 2021"]
[Site "Willingen GER"]
[Date "2021.08.23"]
[Round "1"]
[White "Chassard, Cedric"]
[Black "Hommer, Jeremy"]
[Result "1/2-1/2"]
[Termination "normal"]
[Board "5"]
[WhiteElo "1971"]
[BlackElo "2172"]
[WhiteClock "00:39:27"]
[BlackClock "00:10:18"]
[PlyCount "77"]
[WhiteFideId "16243536"]
[BlackFideId "12992577"]
[EventCountry "GER"]
[EventRounds "9"]
[EventType "swiss"]
[EventDate "2021.08.22"]

1. e4 {[%clk 1:30:57]} e6 {[%clk 1:30:53]} 2. d4 {[%clk 1:31:23]} d5 {[%clk
1:31:17]} 3. Nd2 {[%clk 1:31:47]} Nf6 {[%clk 1:31:39]} 4. e5 {[%clk 1:32:10]}
Nfd7 {[%clk 1:32:04]} 5. Bd3 {[%clk 1:32:37]} c5 {[%clk 1:32:27]} 6. c3 {[%clk
1:33:05]} Nc6 {[%clk 1:32:49]} 7. Ne2 {[%clk 1:33:30]} cxd4 {[%clk 1:33:14]} 8.
cxd4 {[%clk 1:33:54]} f6 {[%clk 1:33:37]} 9. exf6 {[%clk 1:34:21]} Nxf6 {[%clk
1:34:01]} 10. O-O {[%clk 1:34:37]} Bd6 {[%clk 1:34:12]} 11. Nf3 {[%clk
1:34:56]} Qc7 {[%clk 1:34:34]} 12. h3 {[%clk 1:35:11]} O-O {[%clk 1:34:03]} 13.
Re1 {[%clk 1:35:02]} Bd7 {[%clk 1:33:56]} 14. Be3 {[%clk 1:35:22]} Rae8 {[%clk
1:33:53]} 15. Nc3 {[%clk 1:32:30]} a6 {[%clk 1:34:16]} 16. Rc1 {[%clk 1:32:28]}
Qb8 {[%clk 1:34:32]} 17. a3 {[%clk 1:27:05]} Re7 {[%clk 1:29:56]} 18. b4 {[%clk
1:19:44]} Be8 {[%clk 1:18:32]} 19. b5 {[%clk 1:08:25]} axb5 {[%clk 1:18:18]}
20. Nxb5 {[%clk 1:07:50]} Bh5 {[%clk 1:09:04]} 21. Nxd6 {[%clk 1:06:27]} Bxf3
{[%clk 0:55:50]} 22. Qxf3 {[%clk 1:06:12]} Qxd6 {[%clk 0:56:07]} 23. Bf4 {[%clk
1:02:34]} Qd7 {[%clk 0:53:42]} 24. Qe3 {[%clk 1:02:29]} Ref7 {[%clk 0:44:57]}
25. Bg3 {[%clk 0:55:59]} Nh5 {[%clk 0:41:17]} 26. Bb5 {[%clk 0:55:21]} Nf4
{[%clk 0:31:15]} 27. Bxc6 {[%clk 0:51:53]} bxc6 {[%clk 0:31:04]} 28. Bxf4
{[%clk 0:51:25]} Rxf4 {[%clk 0:31:06]} 29. Qxe6+ {[%clk 0:50:03]} Qxe6 {[%clk
0:23:53]} 30. Rxe6 {[%clk 0:49:56]} Rxd4 {[%clk 0:17:41]} 31. Rcxc6 {[%clk
0:48:48]} Rd1+ {[%clk 0:16:16]} 32. Kh2 {[%clk 0:49:12]} Rxf2 {[%clk 0:16:14]}
33. Re7 {[%clk 0:49:01]} Rdd2 {[%clk 0:14:13]} 34. Rc8+ {[%clk 0:47:59]} Rf8
{[%clk 0:14:36]} 35. Rcc7 {[%clk 0:48:21]} Rff2 {[%clk 0:14:41]} 36. Rxg7+
{[%clk 0:46:54]} Kf8 {[%clk 0:14:53]} 37. a4 {[%clk 0:46:46]} Ra2 {[%clk
0:12:55]} 38. Rcd7 {[%clk 0:44:37]} d4 {[%clk 0:10:18]} 39. Rg4 {[%clk
0:39:27]} 1/2-1/2

[Event "DEM U16 2021"]
[Site "Willingen GER"]
[Date "2021.08.23"]
[Round "1"]
[White "Weihrauch, Jakob"]
[Black "Albert, Markus"]
[Result "1-0"]
[Termination "normal"]
[Board "6"]
[WhiteElo "2137"]
[BlackElo "1951"]
[WhiteClock "00:05:15"]
[BlackClock "00:00:32"]
[PlyCount "71"]
[WhiteFideId "16210115"]
[BlackFideId "16292626"]
[EventCountry "GER"]
[EventRounds "9"]
[EventType "swiss"]
[EventDate "2021.08.22"]

1. e4 {[%clk 1:30:57]} e5 {[%clk 1:30:50]} 2. Nf3 {[%clk 1:31:22]} Nc6 {[%clk
1:31:11]} 3. Bb5 {[%clk 1:31:11]} Nf6 {[%clk 1:31:21]} 4. O-O {[%clk 1:31:24]}
Nxe4 {[%clk 1:31:38]} 5. d4 {[%clk 1:27:52]} Nd6 {[%clk 1:31:55]} 6. Bxc6
{[%clk 1:23:15]} dxc6 {[%clk 1:32:06]} 7. dxe5 {[%clk 1:22:31]} Nf5 {[%clk
1:32:10]} 8. Qe2 {[%clk 1:21:39]} Bc5 {[%clk 1:21:27]} 9. Nc3 {[%clk 1:16:25]}
O-O {[%clk 0:55:11]} 10. Ne4 {[%clk 1:08:56]} Bb6 {[%clk 0:43:54]} 11. a4
{[%clk 1:04:33]} a5 {[%clk 0:33:14]} 12. b3 {[%clk 1:00:40]} Nd4 {[%clk
0:26:17]} 13. Nxd4 {[%clk 0:55:08]} Qxd4 {[%clk 0:25:55]} 14. Ba3 {[%clk
0:40:30]} Re8 {[%clk 0:16:12]} 15. Rfe1 {[%clk 0:33:04]} Qxe5 {[%clk 0:10:58]}
16. Nf6+ {[%clk 0:23:02]} gxf6 {[%clk 0:10:09]} 17. Qf1 {[%clk 0:23:08]} Bf5
{[%clk 0:09:23]} 18. Rxe5 {[%clk 0:23:31]} Rxe5 {[%clk 0:09:02]} 19. Bb2 {[%clk
0:21:45]} Re6 {[%clk 0:06:49]} 20. Re1 {[%clk 0:11:21]} Rae8 {[%clk 0:05:40]}
21. Rxe6 {[%clk 0:11:42]} Rxe6 {[%clk 0:06:04]} 22. h3 {[%clk 0:07:32]} Bxc2
{[%clk 0:04:55]} 23. Qc4 {[%clk 0:07:52]} Bg6 {[%clk 0:04:33]} 24. Qf4 {[%clk
0:07:52]} Kg7 {[%clk 0:04:22]} 25. g4 {[%clk 0:07:43]} Bc5 {[%clk 0:03:24]} 26.
g5 {[%clk 0:05:17]} Re1+ {[%clk 0:01:51]} 27. Kg2 {[%clk 0:05:43]} Be4+ {[%clk
0:02:17]} 28. f3 {[%clk 0:03:58]} Re2+ {[%clk 0:01:15]} 29. Kf1 {[%clk
0:02:47]} Bd3 {[%clk 0:00:39]} 30. Qxf6+ {[%clk 0:03:10]} Kf8 {[%clk 0:00:51]}
31. Qd8+ {[%clk 0:03:36]} Re8+ {[%clk 0:00:31]} 32. Qxd3 {[%clk 0:03:56]} Bd6
{[%clk 0:00:32]} 33. Qxh7 {[%clk 0:04:05]} Re3 {[%clk 0:00:49]} 34. Qh8+ {[%clk
0:04:26]} Ke7 {[%clk 0:00:47]} 35. Bf6+ {[%clk 0:04:51]} Kd7 {[%clk 0:00:32]}
36. Qd8+ {[%clk 0:05:15]} 1-0

[Event "DEM U16 2021"]
[Site "Willingen GER"]
[Date "2021.08.23"]
[Round "1"]
[White "Nied, Pascal"]
[Black "Farokhi, Keyvan"]
[Result "0-1"]
[Termination "normal"]
[Board "7"]
[WhiteElo "1870"]
[BlackElo "2045"]
[WhiteClock "00:04:56"]
[BlackClock "00:17:10"]
[PlyCount "56"]
[WhiteFideId "16260597"]
[BlackFideId "12998630"]
[EventCountry "GER"]
[EventRounds "9"]
[EventType "swiss"]
[EventDate "2021.08.22"]

1. e4 {[%clk 1:30:57]} c5 {[%clk 1:30:47]} 2. Nf3 {[%clk 1:31:20]} d6 {[%clk
1:31:08]} 3. d4 {[%clk 1:31:43]} cxd4 {[%clk 1:31:29]} 4. Nxd4 {[%clk 1:32:08]}
Nf6 {[%clk 1:31:46]} 5. Nc3 {[%clk 1:32:33]} a6 {[%clk 1:32:11]} 6. Be2 {[%clk
1:32:47]} e5 {[%clk 1:32:18]} 7. Nf3 {[%clk 1:33:08]} Be7 {[%clk 1:32:07]} 8.
Bg5 {[%clk 1:33:03]} Nbd7 {[%clk 1:32:06]} 9. a4 {[%clk 1:32:16]} h6 {[%clk
1:32:10]} 10. Be3 {[%clk 1:32:19]} Qc7 {[%clk 1:30:29]} 11. Nd2 {[%clk
1:19:02]} Nc5 {[%clk 1:24:31]} 12. f3 {[%clk 1:07:26]} Be6 {[%clk 1:22:36]} 13.
Nc4 {[%clk 1:03:14]} Rc8 {[%clk 1:10:29]} 14. b3 {[%clk 1:00:02]} b6 {[%clk
1:07:38]} 15. O-O {[%clk 0:58:02]} O-O {[%clk 1:05:43]} 16. Bd2 {[%clk
0:49:41]} d5 {[%clk 0:56:24]} 17. exd5 {[%clk 0:48:10]} Nxd5 {[%clk 0:56:26]}
18. Nxd5 {[%clk 0:45:11]} Bxd5 {[%clk 0:56:21]} 19. Bc3 {[%clk 0:44:34]} Rfd8
{[%clk 0:38:56]} 20. Qe1 {[%clk 0:39:16]} e4 {[%clk 0:33:08]} 21. Qg3 {[%clk
0:22:38]} Qxg3 {[%clk 0:29:00]} 22. hxg3 {[%clk 0:23:06]} exf3 {[%clk 0:28:43]}
23. gxf3 {[%clk 0:22:07]} Ne6 {[%clk 0:22:33]} 24. Rad1 {[%clk 0:14:46]} b5
{[%clk 0:20:17]} 25. Ne3 {[%clk 0:11:45]} Bc5 {[%clk 0:18:34]} 26. Rd3 {[%clk
0:08:59]} Bxb3 {[%clk 0:17:53]} 27. Rxd8+ {[%clk 0:04:55]} Nxd8 {[%clk
0:17:24]} 28. Bd2 {[%clk 0:04:56]} Bxa4 {[%clk 0:17:10]} 0-1

[Event "DEM U16 2021"]
[Site "Willingen GER"]
[Date "2021.08.23"]
[Round "1"]
[White "Laux, Dominik"]
[Black "Ponomarev, Maximilian"]
[Result "0-1"]
[Termination "normal"]
[Board "8"]
[WhiteElo "2085"]
[BlackElo "1940"]
[WhiteClock "00:03:02"]
[BlackClock "00:06:04"]
[PlyCount "108"]
[WhiteFideId "12994219"]
[BlackFideId "16216768"]
[EventCountry "GER"]
[EventRounds "9"]
[EventType "swiss"]
[EventDate "2021.08.22"]

1. d4 {[%clk 1:30:33]} d5 {[%clk 1:30:33]} 2. Bg5 {[%clk 1:30:32]} Nf6 {[%clk
1:29:12]} 3. e3 {[%clk 1:29:30]} Nbd7 {[%clk 1:28:25]} 4. Nd2 {[%clk 1:28:39]}
e5 {[%clk 1:25:59]} 5. dxe5 {[%clk 1:24:25]} Nxe5 {[%clk 1:26:13]} 6. Ngf3
{[%clk 1:23:39]} Ng6 {[%clk 1:17:05]} 7. c4 {[%clk 1:20:33]} Be7 {[%clk
1:02:21]} 8. Qb3 {[%clk 1:16:28]} c6 {[%clk 0:57:43]} 9. Bxf6 {[%clk 1:13:42]}
Bxf6 {[%clk 0:57:41]} 10. cxd5 {[%clk 1:14:00]} Qxd5 {[%clk 0:54:13]} 11. Bc4
{[%clk 1:14:10]} Qd7 {[%clk 0:49:51]} 12. Ne4 {[%clk 1:14:06]} O-O {[%clk
0:45:06]} 13. Nxf6+ {[%clk 1:10:35]} gxf6 {[%clk 0:45:30]} 14. O-O {[%clk
1:08:35]} Qg4 {[%clk 0:34:32]} 15. Rfd1 {[%clk 1:01:04]} Ne5 {[%clk 0:28:19]}
16. Nxe5 {[%clk 0:50:27]} fxe5 {[%clk 0:28:45]} 17. Rd6 {[%clk 0:45:42]} Bf5
{[%clk 0:24:49]} 18. f3 {[%clk 0:37:17]} Qg5 {[%clk 0:23:12]} 19. Rad1 {[%clk
0:35:30]} b5 {[%clk 0:17:19]} 20. Bf1 {[%clk 0:34:27]} Be6 {[%clk 0:17:18]} 21.
Qc3 {[%clk 0:33:28]} Rac8 {[%clk 0:11:50]} 22. a3 {[%clk 0:31:15]} a5 {[%clk
0:05:09]} 23. Qc5 {[%clk 0:27:28]} b4 {[%clk 0:03:35]} 24. axb4 axb4 {[%clk
0:04:00]} 25. f4 {[%clk 0:17:31]} Qg7 {[%clk 0:04:11]} 26. fxe5 {[%clk
0:13:12]} Bd5 {[%clk 0:03:55]} 27. Qd4 {[%clk 0:11:20]} Bf3 {[%clk 0:03:15]}
28. Rc1 {[%clk 0:10:48]} Rfe8 {[%clk 0:02:58]} 29. Rc5 {[%clk 0:10:47]} Bd5
{[%clk 0:02:05]} 30. e4 {[%clk 0:06:59]} Qg4 {[%clk 0:02:21]} 31. Qxb4 {[%clk
0:07:23]} Rxe5 {[%clk 0:02:02]} 32. Qb7 {[%clk 0:05:58]} Ree8 {[%clk 0:01:36]}
33. Rc3 {[%clk 0:03:56]} Qxe4 {[%clk 0:01:32]} 34. Qa7 {[%clk 0:03:09]} c5
{[%clk 0:01:33]} 35. Rg3+ {[%clk 0:01:59]} Kh8 {[%clk 0:01:21]} 36. Qa1 {[%clk
0:02:03]} Qd4+ {[%clk 0:01:41]} 37. Kh1 {[%clk 0:02:28]} Bxg2+ {[%clk 0:01:51]}
38. Kxg2 {[%clk 0:01:52]} Qxd6 {[%clk 0:02:16]} 39. Bc4 {[%clk 0:01:29]} Qd2+
{[%clk 0:02:26]} 40. Kh3 {[%clk 0:01:37]} Qh6+ {[%clk 0:01:40]} 41. Kg2 {[%clk
0:02:00]} Qd2+ {[%clk 0:02:06]} 42. Kh3 {[%clk 0:01:29]} Re5 {[%clk 0:01:28]}
43. b3 {[%clk 0:25:35]} f6 {[%clk 0:31:11]} 44. Qa7 {[%clk 0:22:17]} Qh6+
{[%clk 0:31:16]} 45. Kg2 {[%clk 0:22:02]} Rd8 {[%clk 0:29:15]} 46. h4 {[%clk
0:20:19]} Re4 {[%clk 0:19:14]} 47. Qxc5 {[%clk 0:13:26]} Rxh4 {[%clk 0:19:00]}
48. Qf5 {[%clk 0:06:22]} Rh2+ {[%clk 0:16:32]} 49. Kf3 {[%clk 0:06:10]} Re8
{[%clk 0:14:02]} 50. Qc5 {[%clk 0:05:28]} Rh5 {[%clk 0:08:47]} 51. Qd4 {[%clk
0:04:11]} Rhe5 {[%clk 0:06:25]} 52. Qg4 {[%clk 0:02:46]} Qh1+ {[%clk 0:05:29]}
53. Kf2 {[%clk 0:02:41]} Qe1+ {[%clk 0:05:39]} 54. Kg2 {[%clk 0:03:02]} Re2+
{[%clk 0:06:04]} 0-1

[Event "DEM U16 2021"]
[Site "Willingen GER"]
[Date "2021.08.23"]
[Round "1"]
[White "Klugstedt, Vincent C."]
[Black "Eilenberg, Jonas"]
[Result "0-1"]
[Termination "normal"]
[Board "9"]
[WhiteElo "1932"]
[BlackElo "2087"]
[WhiteClock "00:31:13"]
[BlackClock "00:32:13"]
[PlyCount "38"]
[WhiteFideId "16216393"]
[BlackFideId "16204271"]
[EventCountry "GER"]
[EventRounds "9"]
[EventType "swiss"]
[EventDate "2021.08.22"]

1. d4 {[%clk 1:30:56]} e6 {[%clk 1:30:54]} 2. c4 {[%clk 1:31:07]} d5 {[%clk
1:31:18]} 3. Nf3 {[%clk 1:30:58]} c6 {[%clk 1:31:37]} 4. Qc2 {[%clk 1:30:10]}
dxc4 {[%clk 1:31:36]} 5. Qxc4 {[%clk 1:29:51]} Nf6 {[%clk 1:31:57]} 6. g3
{[%clk 1:27:25]} b5 {[%clk 1:29:36]} 7. Qd3 {[%clk 1:25:44]} Bb7 {[%clk
1:27:52]} 8. Bg2 {[%clk 1:24:32]} Nbd7 {[%clk 1:26:46]} 9. O-O {[%clk 1:22:58]}
a6 {[%clk 1:24:11]} 10. a4 {[%clk 1:17:20]} c5 {[%clk 1:08:54]} 11. Bg5 {[%clk
0:52:36]} b4 {[%clk 1:00:35]} 12. Nbd2 {[%clk 0:49:03]} Be7 {[%clk 0:50:22]}
13. b3 {[%clk 0:47:16]} O-O {[%clk 0:41:06]} 14. Rac1 {[%clk 0:45:41]} cxd4
{[%clk 0:34:21]} 15. Nxd4 {[%clk 0:43:45]} Bxg2 {[%clk 0:32:23]} 16. Kxg2
{[%clk 0:44:12]} Ne5 {[%clk 0:31:55]} 17. Qe3 {[%clk 0:39:37]} Nfg4 {[%clk
0:31:35]} 18. Qe4 {[%clk 0:34:46]} Bxg5 {[%clk 0:31:56]} 19. f4 {[%clk
0:31:13]} f5 {[%clk 0:32:13]} 0-1

[Event "DEM U16 2021"]
[Site "Willingen GER"]
[Date "2021.08.23"]
[Round "1"]
[White "Haack, Kevin"]
[Black "Tovmasyan, Minas"]
[Result "1-0"]
[Termination "normal"]
[Board "10"]
[WhiteElo "2076"]
[BlackElo "1869"]
[WhiteClock "00:18:41"]
[BlackClock "00:00:57"]
[PlyCount "137"]
[WhiteFideId "16228715"]
[BlackFideId "16247620"]
[EventCountry "GER"]
[EventRounds "9"]
[EventType "swiss"]
[EventDate "2021.08.22"]

1. Nf3 {[%clk 1:30:56]} d5 {[%clk 1:29:36]} 2. c4 {[%clk 1:31:21]} Nf6 {[%clk
1:28:06]} 3. g3 {[%clk 1:31:33]} e6 {[%clk 1:27:20]} 4. d4 Be7 {[%clk 1:26:18]}
5. Bg2 {[%clk 1:32:24]} O-O {[%clk 1:26:23]} 6. O-O {[%clk 1:32:49]} Nbd7
{[%clk 1:18:21]} 7. Nc3 {[%clk 1:32:58]} c6 {[%clk 1:12:52]} 8. Qd3 {[%clk
1:33:15]} a6 {[%clk 1:11:11]} 9. e4 {[%clk 1:31:22]} dxe4 {[%clk 1:10:35]} 10.
Nxe4 {[%clk 1:31:42]} c5 {[%clk 0:57:44]} 11. Rd1 {[%clk 1:28:59]} Nxe4 {[%clk
0:45:53]} 12. Qxe4 {[%clk 1:29:19]} Nf6 {[%clk 0:46:09]} 13. Qc2 {[%clk
1:28:18]} Qb6 {[%clk 0:38:28]} 14. Bf4 {[%clk 1:11:16]} cxd4 {[%clk 0:30:07]}
15. Nxd4 {[%clk 1:09:42]} Rd8 {[%clk 0:28:12]} 16. Nb3 {[%clk 1:08:10]} Bd7
{[%clk 0:18:02]} 17. Rac1 {[%clk 0:57:00]} Rac8 {[%clk 0:16:03]} 18. Bd2 {[%clk
0:51:09]} Ba4 {[%clk 0:10:48]} 19. Ba5 {[%clk 0:33:42]} Rxd1+ {[%clk 0:10:52]}
20. Qxd1 {[%clk 0:34:05]} Bxb3 {[%clk 0:05:05]} 21. Bxb6 {[%clk 0:34:25]} Bxd1
{[%clk 0:05:30]} 22. Rxd1 {[%clk 0:34:48]} Rxc4 {[%clk 0:04:15]} 23. Bd8 {[%clk
0:33:08]} Kf8 {[%clk 0:00:52]} 24. Bxb7 {[%clk 0:30:26]} Rb4 {[%clk 0:00:34]}
25. Bxa6 {[%clk 0:30:09]} Bxd8 {[%clk 0:00:34]} 26. Rxd8+ {[%clk 0:30:31]} Ke7
{[%clk 0:01:00]} 27. Rd2 {[%clk 0:30:34]} Ra4 {[%clk 0:01:19]} 28. Bb7 {[%clk
0:28:13]} Rxa2 {[%clk 0:01:38]} 29. Kf1 {[%clk 0:28:15]} Ng4 {[%clk 0:00:42]}
30. Ke2 {[%clk 0:17:21]} Ne5 {[%clk 0:00:50]} 31. Rc2 {[%clk 0:17:23]} Kf6
{[%clk 0:00:33]} 32. Be4 {[%clk 0:15:23]} h6 {[%clk 0:00:44]} 33. f4 {[%clk
0:15:02]} Nd7 {[%clk 0:01:00]} 34. Kd3 {[%clk 0:14:39]} Nb6 {[%clk 0:00:36]}
35. Kd4 {[%clk 0:13:04]} Ra4+ {[%clk 0:00:32]} 36. Kd3 {[%clk 0:10:27]} Ra2
{[%clk 0:00:55]} 37. Bf3 {[%clk 0:09:24]} Na4 {[%clk 0:00:33]} 38. Bc6 {[%clk
0:05:52]} Nb6 {[%clk 0:00:35]} 39. Kd4 {[%clk 0:05:39]} Ke7 {[%clk 0:00:31]}
40. Kc5 {[%clk 0:05:28]} Nd7+ {[%clk 0:00:34]} 41. Kb5 {[%clk 0:03:32]} g5
{[%clk 0:23:00]} 42. f5 {[%clk 0:31:03]} Ne5 {[%clk 0:18:09]} 43. Be4 {[%clk
0:28:55]} Kd6 {[%clk 0:10:30]} 44. fxe6 {[%clk 0:27:20]} fxe6 {[%clk 0:10:26]}
45. Rd2+ {[%clk 0:22:48]} Kc7 {[%clk 0:06:10]} 46. Rc2+ {[%clk 0:23:14]} Kd6
{[%clk 0:06:29]} 47. b4 {[%clk 0:23:29]} Rxc2 {[%clk 0:06:21]} 48. Bxc2 {[%clk
0:23:55]} Nc6 {[%clk 0:02:54]} 49. Be4 {[%clk 0:23:01]} Nd4+ {[%clk 0:01:47]}
50. Kc4 {[%clk 0:18:41]} e5 {[%clk 0:01:26]} 51. b5 {[%clk 0:19:07]} Ne6 {[%clk
0:00:32]} 52. b6 {[%clk 0:14:37]} Nc5 {[%clk 0:01:00]} 53. b7 {[%clk 0:14:52]}
Nd7 {[%clk 0:01:10]} 54. Bf5 {[%clk 0:14:25]} Nb8 {[%clk 0:01:35]} 55. Kd3
{[%clk 0:14:28]} Kd5 {[%clk 0:01:31]} 56. Ke3 {[%clk 0:14:49]} Na6 {[%clk
0:00:59]} 57. Kf3 {[%clk 0:15:11]} Kd4 {[%clk 0:00:39]} 58. Kg4 {[%clk
0:14:53]} e4 {[%clk 0:01:03]} 59. Kh5 {[%clk 0:15:04]} e3 {[%clk 0:00:53]} 60.
Bg4 {[%clk 0:15:25]} Ke5 {[%clk 0:00:45]} 61. Kxh6 {[%clk 0:15:37]} Kf6 {[%clk
0:00:50]} 62. Kh5 {[%clk 0:15:57]} Nb8 {[%clk 0:00:48]} 63. Be2 {[%clk
0:16:23]} Kf5 {[%clk 0:00:41]} 64. Bd3+ {[%clk 0:16:51]} Kf6 {[%clk 0:01:02]}
65. g4 {[%clk 0:17:07]} Nc6 {[%clk 0:00:36]} 66. Be2 {[%clk 0:17:28]} Nb8
{[%clk 0:00:56]} 67. Bb5 {[%clk 0:17:54]} Nd7 {[%clk 0:00:31]} 68. Bxd7 {[%clk
0:18:16]} e2 {[%clk 0:00:57]} 69. b8=Q {[%clk 0:18:41]} 1-0

[Event "DEM U16 2021"]
[Site "Willingen GER"]
[Date "2021.08.23"]
[Round "1"]
[White "Rohde, Niclas"]
[Black "Arakelian, Aik"]
[Result "0-1"]
[Termination "normal"]
[Board "11"]
[WhiteElo "1591"]
[BlackElo "2052"]
[WhiteClock "00:03:30"]
[BlackClock "00:14:52"]
[PlyCount "62"]
[WhiteFideId "16230205"]
[BlackFideId "16220340"]
[EventCountry "GER"]
[EventRounds "9"]
[EventType "swiss"]
[EventDate "2021.08.22"]

1. e4 {[%clk 1:30:53]} c5 {[%clk 1:30:39]} 2. Nc3 {[%clk 1:31:13]} e6 {[%clk
1:30:58]} 3. Bc4 {[%clk 1:31:07]} Nc6 {[%clk 1:31:00]} 4. d3 {[%clk 1:30:56]}
g6 {[%clk 1:29:08]} 5. f4 {[%clk 1:30:21]} Bg7 {[%clk 1:29:24]} 6. Nf3 {[%clk
1:30:16]} Nge7 {[%clk 1:29:35]} 7. O-O {[%clk 1:29:51]} O-O {[%clk 1:29:47]} 8.
Qe1 {[%clk 1:29:26]} d5 {[%clk 1:29:35]} 9. Bb3 {[%clk 1:28:51]} Nd4 {[%clk
1:29:06]} 10. Nxd4 {[%clk 1:28:09]} cxd4 {[%clk 1:29:27]} 11. Ne2 {[%clk
1:28:21]} dxe4 {[%clk 1:28:26]} 12. dxe4 {[%clk 1:28:45]} b5 {[%clk 1:28:28]}
13. Ng3 {[%clk 1:20:20]} a5 {[%clk 1:25:25]} 14. a3 {[%clk 1:09:24]} Qb6 {[%clk
1:18:25]} 15. Kh1 {[%clk 1:06:13]} Ba6 {[%clk 1:02:43]} 16. f5 {[%clk 0:54:37]}
exf5 {[%clk 0:49:58]} 17. exf5 {[%clk 0:54:54]} Rae8 {[%clk 0:50:12]} 18. fxg6
{[%clk 0:48:31]} Qxg6 {[%clk 0:43:01]} 19. Qxa5 {[%clk 0:39:56]} b4 {[%clk
0:38:49]} 20. Rd1 {[%clk 0:28:22]} bxa3 {[%clk 0:34:25]} 21. Rxa3 {[%clk
0:26:28]} Bb7 {[%clk 0:31:32]} 22. Qg5 {[%clk 0:15:25]} Qc6 {[%clk 0:25:01]}
23. Nh5 {[%clk 0:14:20]} Ng6 {[%clk 0:25:15]} 24. Ba4 {[%clk 0:11:19]} Qe4
{[%clk 0:25:07]} 25. Bxe8 {[%clk 0:10:49]} Rxe8 {[%clk 0:25:25]} 26. Qd2 {[%clk
0:05:49]} Qg4 {[%clk 0:23:09]} 27. Ng3 {[%clk 0:04:47]} Nh4 {[%clk 0:20:52]}
28. Re1 {[%clk 0:03:53]} Rxe1+ {[%clk 0:14:51]} 29. Qxe1 {[%clk 0:04:22]} Nxg2
{[%clk 0:14:50]} 30. Qe8+ {[%clk 0:03:41]} Bf8 {[%clk 0:15:19]} 31. Ne4 {[%clk
0:03:30]} Ne3 {[%clk 0:14:52]} 0-1